Ulice, wzdłuż których jeżdżą tramwaje (Bydgoszcz) - Statystyki

Ogólne statystyki
  • Ten quiz został rozwiązany 183 razy
  • Średni wynik to 11 z 21
Statystyki odpowiedzi
Dzielnica Ulica % Poprawnych
ŚródmieścieBocianowo Leśne Las Gdański Gdańska
96%
BartodziejeBydgoszcz-Wschód Fordońska
87%
Wilczak Nakielska
87%
Wzgórze WolnościWyżyny Kapuściska Wojska Polskiego
83%
ŚródmieścieSkrzetusko Jagiellońska
81%
Babia WieśKapuściska Zimne Wody Toruńska
81%
BocianowoBielawy Chodkiewicza
72%
Śródmieście Focha
71%
Wzgórze Wolności Kujawska
65%
Fordon Akademicka
60%
Śródmieście Dworcowa
58%
Fordon Andersa
51%
Wyżyny Szpitalna
49%
Śródmieście Bernardyńska
38%
Kapuściska Perłowa
35%
Zimne WodyŁęgnowo Hutnicza
27%
Śródmieście Zygmunta Augusta
26%
Las Gdański Rekreacyjna
24%
Kapuściska Kazimierza Wielkiego
23%
Bydgoszcz-WschódFordon Lewińskiego
21%
Okole Naruszewicza
9%
Nie znaleziono quizów pasujących do podanych kryteriów
Rozkład punktacji
Procent ludzi z każdym wynikiem
Percentyl według liczby udzielonych odpowiedzi
Twoja historia wyników
Nie rozwiązałeś tego quizu